El código penal y la frenopatología o sea Manera de armonizar el espíritu y el lenguaje del código penal con el estado presente de los conocimientos frenopáticos (Record no. 68780)

MARC details
000 -LEADER
campo de control de longitud fija 00848nam a2200181 i 4500
001 - NÚMERO DE CONTROL
campo de control 68780
003 - IDENTIFICADOR DE NÚMERO DE CONTROL
campo de control ES-MaACL
005 - FECHA Y HORA DE LA ÚLTIMA TRANSACCIÓN
campo de control 20230906170347.0
007 - CAMPO FIJO DE DESCRIPCIÓN FÍSICA--INFORMACIÓN GENERAL
campo de control de longitud fija t|
008 - DATOS DE LONGITUD FIJA--INFORMACIÓN GENERAL
campo de control de longitud fija 960828s1888 sp ||||1| spa d
040 ## - FUENTE DE CATALOGACIÓN
Centro catalogador/agencia de origen CAM
Lengua de catalogación spa
Centro/agencia transcriptor CAM
100 1# - ENTRADA PRINCIPAL--NOMBRE DE PERSONA
Nombre de persona Giné y Partagás, Juan (
Fechas asociadas al nombre 1836-1903)
9 (RLIN) 57111
245 13 - MENCIÓN DEL TÍTULO
Título El código penal y la frenopatología o sea Manera de armonizar el espíritu y el lenguaje del código penal con el estado presente de los conocimientos frenopáticos
Resto del título : tema del programa del Congreso Médico Internacional celebrado en Barcelona en septiembre de 1888 /
Mención de responsabilidad, etc. por Juan Giné y Partagás.
260 ## - PUBLICACIÓN, DISTRIBUCIÓN, ETC.
Lugar de publicación, distribución, etc. Barcelona :
Nombre del editor, distribuidor, etc. [s.n.],
Fecha de publicación, distribución, etc. 1888 (
Fabricante Tipo-litografía de los sucesores de N. Ramirez y Cª)
300 ## - DESCRIPCIÓN FÍSICA
Extensión 56 p. ;
Dimensiones 22 cm.
711 2# - ENTRADA AGREGADA--NOMBRE DE REUNIÓN
Nombre de congreso/reunión o jurisdicción como elemento de entrada Congreso Internacional Médico (
Fecha del congreso o de la firma del tratado 1888.
Sede del congreso/Lugar de la reunión Barcelona)
9 (RLIN) 474
852 ## - LOCALIZACIÓN
Ubicación ES-MaACL
Número de control de estantería T-1262-F-5
Holdings
Estatus retirado Estado de pérdida Estado de daño No para préstamo Colección Biblioteca de origen Biblioteca actual Ubicación en estantería Fecha de adquisición Fuente de adquisición Total de préstamos Signatura topográfica completa Código de barras Visto por última vez Precio de reemplazo Tipo de ítem Koha
        Colección de folletos Biblioteca del Ateneo de Madrid Biblioteca del Ateneo de Madrid Depósito folletos 17/01/2008     T-1262-F-5 1072014 23/02/2023 23/02/2023 Folleto